Applied biomedical engineering using artificial intelligence and cognitive models (Record no. 113872)
[ view plain ]
| 000 -LEADER | |
|---|---|
| fixed length control field | 00502 a2200157 4500 |
| 005 - DATE AND TIME OF LATEST TRANSACTION | |
| control field | 20250213154923.0 |
| 008 - FIXED-LENGTH DATA ELEMENTS--GENERAL INFORMATION | |
| fixed length control field | 250201b |||||||| |||| 00| 0 eng d |
| 020 ## - INTERNATIONAL STANDARD BOOK NUMBER | |
| International Standard Book Number | 9780128207185 |
| 080 ## - UNIVERSAL DECIMAL CLASSIFICATION NUMBER | |
| Universal Decimal Classification number | 616-7:004.8 |
| Item number | ULL/A |
| 100 ## - MAIN ENTRY--PERSONAL NAME | |
| Personal name | Ulloa,Jorge Garza |
| 245 ## - TITLE STATEMENT | |
| Title | Applied biomedical engineering using artificial intelligence and cognitive models |
| 260 ## - PUBLICATION, DISTRIBUTION, ETC. (IMPRINT) | |
| Name of publisher, distributor, etc | Academic Press |
| Place of publication, distribution, etc | UK. |
| Date of publication, distribution, etc | 2022. |
| 300 ## - PHYSICAL DESCRIPTION | |
| Extent | xix;683p. |
| 653 ## - INDEX TERM--UNCONTROLLED | |
| Uncontrolled term | Biomedical engineering-Evolution of Artificial Intelligence |
| 942 ## - ADDED ENTRY ELEMENTS (KOHA) | |
| item type | Under processing |
| Lost status | Source of classification or shelving scheme | Not for loan | Home library | Current library | Date acquired | Cost, normal purchase price | Total Checkouts | Full call number | Barcode | Date last seen | Cost, replacement price | Price effective from | Koha item type |
|---|---|---|---|---|---|---|---|---|---|---|---|---|---|
| Universal Decimal Classification | University Library | University Library | 23/10/2024 | 13080.00 | 616-7:004.8 ULL/A R | 00096274 | 23/10/2024 | 17440.00 | 23/10/2024 | Reference |
